| 000 | 00922nam a2200241 a 4500 | ||
|---|---|---|---|
| 005 | 20220915063531.0 | ||
| 008 | 020712s1997 mx r 000 0 spa d | ||
| 020 | _a9688809632 | ||
| 035 | _aUPN01000118090 | ||
| 049 | _aCG | ||
| 050 | 4 |
_aQA300 _bH3.58 1997 |
|
| 100 | 1 |
_aHaeussler, Ernest F. _935023 |
|
| 245 | 1 | 0 |
_aMatemáticas para administración, economía y ciencias sociales y de la vida / _cErnest F. Haeussler, Jr., Richard S. Paul ; tr. José de la Cera, Víctor Hugo Ibarra Mercado. |
| 250 | _a8a. ed. | ||
| 260 |
_aMéxico : _bPearson Educación, _c1997. |
||
| 300 | _axviii, 941 p. | ||
| 534 |
_pTraducción de: _tIntroductory mathematical analysis for business, economics, and life and social sciences |
||
| 650 | 7 |
_aAnálisis matemático _2 _9513 |
|
| 650 | 4 |
_aMATEMATICAS EN LOS NEGOCIOS _925659 |
|
| 650 | 4 |
_aMATEMATICAS COMERCIALES _925657 |
|
| 700 | 1 |
_aPaul, Richard S., _ecoaut. |
|
| 905 | _aLibro. | ||
| 999 |
_c90480 _d90480 |
||